书目信息 |
| 题名: |
蓬勃发展的现代农业
|
|
| 作者: | 安娜 主编 | |
| 分册: | ||
| 出版信息: | 北京 北京工业大学出版社 2012.01 |
|
| 页数: | 157页 | |
| 开本: | 24cm | |
| 丛书名: | 全景科普新热点丛书 | |
| 单 册: | ||
| 中图分类: | S3-33 | |
| 科图分类: | ||
| 主题词: | 现代农业--普及读物 , 现代农业 | |
| 电子资源: | ||
| ISBN: | 978-7-5639-2887-3 | |
| 000 | 00853oam2 2200265 45 | |
| 001 | 1355394343 | |
| 005 | 20130513145528.98 | |
| 010 | @a978-7-5639-2887-3@dCNY22.00 | |
| 100 | @a20130108d2012 em y0chiy50 ea | |
| 101 | 0 | @achi |
| 102 | @aCN@b110000 | |
| 105 | @aa z 000yy | |
| 106 | @ar | |
| 200 | 1 | @a蓬勃发展的现代农业@APeng Bo Fa Zhan De Xian Dai Nong Ye@f安娜主编@FAn Na Zhu Bian |
| 210 | @a北京@c北京工业大学出版社@d2012.01 | |
| 215 | @a157页@c图@d24cm | |
| 225 | 2 | @a全景科普新热点丛书 |
| 330 | @a本书分为农作物、养殖业、农业科技、未来农业。主要内容包括:什么是农作物;农作物的分类;粮食作物;麦类;稻米等。 | |
| 461 | 0 | @12001 @a全景科普新热点丛书 |
| 606 | 0 | @a现代农业@j普及读物 |
| 606 | 0 | @a现代农业 |
| 690 | @aS3-33@v5 | |
| 701 | 0 | @a安娜@AAn Na@4主编 |
| 801 | @aCN@bTANGWEI@c20130109 | |
| 905 | @b0830935-37@dS3-33@e36@f3 | |
| 蓬勃发展的现代农业/安娜主编.-北京:北京工业大学出版社,2012.01 |
| 157页:图;24cm.-(全景科普新热点丛书) |
| ISBN 978-7-5639-2887-3:CNY22.00 |
| 本书分为农作物、养殖业、农业科技、未来农业。主要内容包括:什么是农作物;农作物的分类;粮食作物;麦类;稻米等。 |
| ● |
| 相关链接 |
|
|
|
|
正题名:蓬勃发展的现代农业
索取号:S3-33/36
 
预约/预借
| 序号 | 登录号 | 条形码 | 馆藏地/架位号 | 状态 | 备注 |
| 1 | 0830935 | 208309356 | 第二样本阅览室/ [索取号:S3-33/36] | 在馆 | |
| 2 | 0830936 | 208309365 | 第三借阅区/ [索取号:S3-33/36] | 在馆 | |
| 3 | 0830937 | 208309374 | 第三借阅区/ [索取号:S3-33/36] | 在馆 |